| 000 | 00601nab a2200193 4500 | ||
|---|---|---|---|
| 001 | 244442 | ||
| 003 | OSt | ||
| 005 | 20230712094731.0 | ||
| 007 | tu | ||
| 008 | 200917s2020||||||| | ||
| 040 |
_aDE-2950 _cDE-2950 |
||
| 245 | 0 | 0 |
_aKostenlos mit Bus und Tram zum Fest. _bAnfahrt. Der Bunte Hering in Frankfurt rückt näher. Viele Straßen und Parkplätze in der Innenstadt sind dann gesperrt/ _cthg |
| 264 | _c2023 | ||
| 653 | _aFrankfurt (Oder) | ||
| 653 | _a"Bunter Hering" | ||
| 653 | _aÖPNV | ||
| 773 | 0 |
_g34. Jahrgang (2023) Nr. 152 vom 03.07.2023, S. 13 _tMärkische Oderzeitung |
|
| 942 |
_2z _cA |
||
| 999 |
_c372620 _d372620 |
||